Lectures on administrative regulation (Record no. 397450)

000 -LEADER
fixed length control field 00376cam a22001097a 4500
008 - FIXED-LENGTH DATA ELEMENTS--GENERAL INFORMATION
fixed length control field 180718b1945 xxu||||| |||| 00| 0 eng d
082 ## - DEWEY DECIMAL CLASSIFICATION NUMBER
Classification number I5112x73 Un3
245 ## - TITLE STATEMENT
Title Lectures on administrative regulation
Statement of responsibility, etc. by Department of Agriculture, United States
260 ## - PUBLICATION, DISTRIBUTION, ETC.
Place of publication, distribution, etc. Washington
Name of publisher, distributor, etc. Department of Agriculture
Date of publication, distribution, etc. 1945
300 ## - PHYSICAL DESCRIPTION
Extent 76+p.
700 ## - ADDED ENTRY--PERSONAL NAME
Personal name United States. Department of Agriculture
Holdings
Withdrawn status Lost status Damaged status Not for loan Permanent Location Current Location Date acquired Full call number Barcode Date last seen Price effective from Koha item type
        Indian Institute of Public Administration Indian Institute of Public Administration 2001-06-29 I5112x73 Un3 4616 2018-07-21 2018-07-21 Book

Powered by Koha